Trắc nghiệm tiếng anh thương mại Đáp án và chú giải
vv
Đã lưu trong:
| Tác giả chính: | |
|---|---|
| Định dạng: | Sách |
| Năm xuất bản: |
Đà Nẵng
Nxb Đà nẵng
1998
|
| Chủ đề: | |
| Tags: |
Thêm thẻ
Không có thẻ, Hãy là người đầu tiên gắn thẻ bản ghi này!
|
| LEADER | 00691nam a2200193 4500 | ||
|---|---|---|---|
| 082 | |a 428.2 |b NG527TR | ||
| 100 | |a Nguyễn Trung Khánh | ||
| 245 | |a Trắc nghiệm tiếng anh thương mại |b Đáp án và chú giải |c Nguyễn Trùng Khánh | ||
| 260 | |a Đà Nẵng |b Nxb Đà nẵng |c 1998 | ||
| 300 | |a 279tr. |c 19cm | ||
| 520 | |a vv | ||
| 653 | |a Ngôn ngữ | ||
| 653 | |a Tiếng Anh | ||
| 653 | |a Thương mại | ||
| 653 | |a Từ vựng | ||
| 653 | |a Trắc nghiệm | ||
| 942 | |2 ddc |c SH | ||
| 999 | |c 592 |d 592 | ||
| 952 | |0 0 |1 0 |2 ddc |4 0 |6 428_200000000000000_NG527TR |7 0 |8 400 |9 13531 |a qbu |b qbu |c D4 |d 2014-11-19 |g 19000 |o 428.2 NG527TR |p 2146.c1 |r 2014-11-19 |w 2014-11-19 |y SH |0 0 |6 428_200000000000000_NG527TR | ||